Zdaňovanie príjmov z prenájmu nehnuteľností a ich predaja fyzickými osobami v roku 2013

Zaradiť, či nezaradiť nehnuteľnosť do obchodného majetku a aké výhody a nevýhody plynú z obidvoch možností býva jednou s častých otázok prenajímateľov nehnuteľností v roku 2013. Ide o dôsledok zrušenia možnosti uplatniť si pri príjmoch z prenájmu tzv. výdavky percentom z príjmu od 1. 1. 2013. Porov...

Ausführliche Beschreibung

Gespeichert in:
Bibliographische Detailangaben
1. Verfasser: Furmaník, Peter
Format: Buchkapitel
Sprache:Slowakisch
Schlagworte:
Tags: Tag hinzufügen
Keine Tags, Fügen Sie das erste Tag hinzu!

MARC

LEADER 00000naa a2200000 4500
001 0172017
005 20231208085522.9
041 0 |a slo 
044 |a SK 
245 1 0 |a Zdaňovanie príjmov z prenájmu nehnuteľností a ich predaja fyzickými osobami v roku 2013  |c Peter Furmaník 
520 |a Zaradiť, či nezaradiť nehnuteľnosť do obchodného majetku a aké výhody a nevýhody plynú z obidvoch možností býva jednou s častých otázok prenajímateľov nehnuteľností v roku 2013. Ide o dôsledok zrušenia možnosti uplatniť si pri príjmoch z prenájmu tzv. výdavky percentom z príjmu od 1. 1. 2013. Porovnanie oboch možností z hľadiska zdaňovania príjmov z prenájmu ako aj príjmov z prípadného neskoršieho predaja prenajímanej nehnuteľnosti. 
610 2 0 |a prenájom zmluvný 
610 2 0 |a nehnuteľnosti 
610 2 0 |a majetok obchodný 
610 2 0 |a zdaňovanie 
610 2 0 |a dane z príjmov 
100 1 |a Furmaník, Peter